000 00622nam a2200193 u 4500
005 20230610063644.0
008 100217s2009 r 000 0 eng d
020 _a9789875382329
035 _aUPN01000174789
049 _aCG
050 4 _aLB1591
_bF7.2
100 1 _aFreggiaro, María Inés
245 1 4 _aLos chicos y el lenguaje plástico-visual :
_brecorridos para producir y apreciar /
_cMaría Inés Freggiaro.
260 _aBuenos Aires :
_bNovedades Educativas,
_c2009.
300 _a167 p. :
_bil. col.
440 0 _aArtes visuales
650 4 _aArte
_xEstudio y enseñanza (Elemental)
_92642
905 _aLibro
999 _c146893
_d146893